The temple of the Andes
Saved in:
| Main Author: | |
|---|---|
| Format: | Book |
| Language: | English |
| Published: |
Londres
Vincent Brooks, Days & Son
1884
|
| Edition: | 1a. ed |
| Subjects: | |
| Tags: |
Add Tag
No Tags, Be the first to tag this record!
|
MARC
| LEADER | 00000nam a2200000 a 4500 | ||
|---|---|---|---|
| 001 | UCJ4902 | ||
| 003 | CL-VaPUC | ||
| 008 | 070124e18840100UK |||||||||||||||||eng|d | ||
| 082 | 0 | 4 | |a 985 |b INW |2 21 |
| 100 | 0 | |a Inwards, Richard |e author |9 509392 | |
| 245 | 1 | 4 | |a The temple of the Andes |
| 250 | |a 1a. ed | ||
| 300 | |a 32 p | ||
| 942 | |c BK | ||
| 945 | |d 20070124 00:00:00 |a rinostro | ||
| 260 | |a Londres |b Vincent Brooks, Days & Son |c 1884 | ||
| 500 | |a 19 láminas | ||
| 650 | 0 | |a Arqueología |9 265619 | |
| 650 | 0 | |a Monumentos |9 265246 | |
| 650 | 7 | |a FUENTES |2 CL-VaPUC |9 255666 | |
| 650 | 7 | |a INCAS |2 CL-VaPUC |9 256565 | |
| 650 | 0 | |a Ilustraciones |9 369481 | |
| 651 | 7 | |a TIAHUANACO |2 CL-VaPUC |9 507239 | |
| 583 | |a last modification |c 20070124 00:00:00 |k Rodrigo Vera | ||
| 999 | |c 321017 |d 321015 | ||
| 952 | |0 0 |1 0 |4 0 |6 985_000000000000000_INW_1884 |7 0 |8 X |9 399672 |a FDOBUD |b FDOBUD |d 2019-11-22 |i 1027573 |o 985 INW 1884 |p 1027573 |r 2019-11-22 |w 2019-11-22 |y BK_X |k BUD | ||